[Event "PRO League Group Stage"]
[Site "chess.com INT"]
[Date "2018.01.18"]
[Round "1"]
[White "Ni, Hua"]
[Black "Paikidze, Nazi"]
[Result "1-0"]
[WhiteTitle "GM"]
[BlackTitle "IM"]
[WhiteElo "2670"]
[BlackElo "2352"]
[WhiteTeam "Chengdu Pandas"]
[BlackTeam "Las Vegas Desert Rats"]
[WhiteFideId "8601160"]
[BlackFideId "13603620"]
[EventDate "2018.01.18"]

1. d4 Nf6 2. Bf4 d6 3. Nd2 g6 4. Ngf3 Bg7 5. e3 O-O 6. h3 c5 7. Be2 Nc6 8. c3 b6
9. O-O Bb7 10. Bh2 Re8 11. a4 e5 12. dxe5 dxe5 13. Nc4 Ne4 14. Qc2 f5 15. a5 b5
16. Qb3 bxc4 17. Qxb7 Qc8 18. Bxc4+ Kh8 19. Qxc8 Raxc8 20. Rfd1 Rcd8 21. Bd5 Rd6
22. Bxe4 Rxd1+ 23. Rxd1 fxe4 24. Ng5 Nxa5 25. Nxe4 Nc4 26. b3 Na5 27. Nxc5 e4
28. c4 Rc8 29. Bc7 Nc6 30. Rd7 Ne5 31. Rxg7 Kxg7 32. Bxe5+ Kf7 33. Nxe4 Ke6 34.
Bd4 a5 35. Bb6 Ra8 36. Kf1 Ke5 37. Nc3 Ra6 38. c5 Ke6 39. Ke2 Ra8 40. c6 Kd6 41.
c7 Kc6 42. Na4 Kb7 43. Kd3 Kc6 44. Kc4 Rf8 45. Bxa5 Kb7 46. Nc5+ Kc8 47. Ne4 Rf5
48. Nd6+ 1-0

[Event "PRO League Group Stage"]
[Site "chess.com INT"]
[Date "2018.01.18"]
[Round "1"]
[White "Ni, Hua"]
[Black "Dominguez Perez, Leinier"]
[Result "1/2-1/2"]
[WhiteTitle "GM"]
[BlackTitle "GM"]
[WhiteElo "2670"]
[BlackElo "2739"]
[WhiteTeam "Chengdu Pandas"]
[BlackTeam "Las Vegas Desert Rats"]
[WhiteFideId "8601160"]
[BlackFideId "3503240"]
[EventDate "2018.01.18"]

1. e4 e5 2. Nf3 Nc6 3. Bb5 Nf6 4. O-O Nxe4 5. d4 Nd6 6. Bxc6 dxc6 7. dxe5 Nf5 8.
Qxd8+ Kxd8 9. h3 h6 10. Rd1+ Ke8 11. Nc3 Ne7 12. b3 Ng6 13. Ne2 Be7 14. Bb2 h5
15. Rd2 h4 16. Rad1 Rh5 17. Ned4 a6 18. c4 Nf4 19. Bc3 Rh6 20. Ne2 Nxe2+ 21.
Rxe2 Be6 22. Nd4 Rd8 23. Red2 Bc8 24. Ne2 Rxd2 25. Bxd2 Rh5 26. Bc3 Rh6 27. Bd2
Rh5 28. Bc3 Rh7 29. f3 Rh6 30. Kf2 Bf5 31. Nd4 Bc8 32. Ne2 Bf5 33. Nd4 Bd7 34.
Ne2 Bf5 35. Nd4 1/2-1/2

[Event "PRO League Group Stage"]
[Site "chess.com INT"]
[Date "2018.01.18"]
[Round "1"]
[White "Krysa, Leandro"]
[Black "Liang, Awonder"]
[Result "0-1"]
[WhiteTitle "GM"]
[BlackTitle "GM"]
[WhiteElo "2548"]
[BlackElo "2572"]
[WhiteTeam "Buenos Aires Krakens"]
[BlackTeam "Pittsburgh Pawngrabbers"]
[WhiteFideId "116807"]
[BlackFideId "2056437"]
[EventDate "2018.01.18"]

1. Nf3 Nf6 2. g3 b6 3. Bg2 Bb7 4. O-O g6 5. d4 Bg7 6. c4 O-O 7. d5 Ne4 8. Qc2 f5
9. Ng5 Nd6 10. Rd1 h6 11. Nf3 Na6 12. Na3 e5 13. dxe6 dxe6 14. Bf4 Be4 15. Qc1
g5 16. Bxd6 cxd6 17. Nb5 Qf6 18. Rd2 d5 19. cxd5 exd5 20. Nc3 Rad8 21. Qd1 Bxf3
22. Bxf3 d4 23. Nd5 Qf7 24. Qb3 Kh7 25. e4 Nc5 26. Qc2 fxe4 27. Bxe4+ Kh8 28.
Nb4 a5 29. Nc6 Rd6 30. Bg2 d3 31. Qd1 Qd7 32. Rc1 Rxc6 33. Bxc6 Qxc6 34. Rxd3
Qf6 35. Rd2 Ne4 36. Re2 Nxf2 37. Qd5 Nh3+ 38. Kg2 g4 39. Rd2 Ng5 40. Qc6 Qf3+
41. Qxf3 gxf3+ 42. Kf1 Ne4 43. Rdc2 Bd4 44. Rd1 Bc5 45. Rc4 Ng5 46. a3 f2 47. b4
axb4 48. axb4 Be3 49. Rc3 Nf3 50. Kg2 Ne1+ 51. Kf1 Bg5 52. h4 Bf6 53. Re3 Bg7
54. Re2 Nf3 55. Rxf2 Kg8 56. Kg2 Ne5 57. Rxf8+ Kxf8 58. Rd6 Nc4 59. Rc6 b5 60.
Rc5 Na3 61. Kf3 Kf7 62. Ke3 Bf8 63. Rc7+ Ke6 64. Rc6+ Kf5 65. Kf3 h5 66. Ra6
Bxb4 67. Rh6 Be7 68. Rxh5+ Ke6 69. Rh6+ Kd5 70. g4 b4 71. Rb6 Nc4 72. Rb8 Bc5
73. h5 Nb6 74. h6 Kc6 75. h7 Bd4 76. h8=Q Bxh8 0-1

[Event "PRO League Group Stage"]
[Site "chess.com INT"]
[Date "2018.01.18"]
[Round "1"]
[White "Krysa, Leandro"]
[Black "Song, Edward"]
[Result "1/2-1/2"]
[WhiteTitle "GM"]
[BlackTitle "FM"]
[WhiteElo "2548"]
[BlackElo "2319"]
[WhiteTeam "Buenos Aires Krakens"]
[BlackTeam "Pittsburgh Pawngrabbers"]
[WhiteFideId "116807"]
[BlackFideId "2051192"]
[EventDate "2018.01.18"]

1. d4 Nf6 2. c4 e6 3. Nc3 d5 4. cxd5 Nxd5 5. e4 Nxc3 6. bxc3 c5 7. Rb1 Be7 8.
Nf3 O-O 9. Bc4 Nc6 10. O-O b6 11. d5 Na5 12. Bd3 c4 13. Bc2 exd5 14. exd5 Bg4
15. Bf4 Nb7 16. Re1 Bd6 17. Re4 Bf5 18. Rxc4 Bxc2 19. Qxc2 Bxf4 20. Rxf4 Qxd5
21. Rd1 Qe6 22. Re4 Qf6 23. h4 Nc5 24. Red4 Rae8 25. Rd6 Re6 26. Ng5 Qg6 27.
Qxg6 Rxg6 28. Rd8 h6 29. Nf3 Re6 30. Kf1 Rfe8 31. Rxe8+ Rxe8 32. Nd4 Rd8 33. Ke1
Kf8 34. Nb5 Rxd1+ 35. Kxd1 a6 36. Nc7 b5 37. Ke2 Ke7 38. Ke3 Kd6 39. Ne8+ Ke5
40. Nxg7 Na4 41. Kd2 Ke4 42. g4 Ke5 43. f3 Kf6 44. Nf5 h5 45. Nd6 hxg4 46. fxg4
Nc5 47. Ke3 Kg6 48. h5+ Kg7 49. Ne4 Ne6 50. g5 Kh7 51. Kf3 Kg7 52. Kg4 a5 53.
Kf5 b4 54. cxb4 axb4 55. Ke5 Nd8 56. Nf6 Nc6+ 57. Kd5 Na5 58. Kd6 b3 59. axb3
Nxb3 60. Ke7 Nd4 61. h6+ Kg6 62. Kf8 Ne6+ 1/2-1/2

[Event "PRO League Group Stage"]
[Site "chess.com INT"]
[Date "2018.01.18"]
[Round "1"]
[White "Belous, Vladimir"]
[Black "Izoria, Zviad"]
[Result "1-0"]
[WhiteTitle "GM"]
[BlackTitle "GM"]
[WhiteElo "2567"]
[BlackElo "2599"]
[WhiteTeam "Rio Grande Ospreys"]
[BlackTeam "San Jose Hackers"]
[WhiteFideId "4174003"]
[BlackFideId "13601733"]
[EventDate "2018.01.18"]

1. d4 d5 2. c4 e6 3. Nc3 Nf6 4. Bg5 Be7 5. e3 h6 6. Bh4 O-O 7. Qc2 dxc4 8. Bxc4
c5 9. dxc5 Qa5 10. Nf3 Qxc5 11. Be2 Bd7 12. O-O Rc8 13. Rac1 Qb6 14. Ne5 Be8 15.
Rfd1 Qc5 16. Nc4 Nbd7 17. Bg3 Nb6 18. Nd6 Bxd6 19. Bxd6 Qa5 20. b4 Qa3 21. b5
Qa5 22. Qb3 Nbd5 23. Nxd5 Nxd5 24. Be5 a6 25. e4 Rxc1 26. Rxc1 Qd2 27. Qc2 Qxc2
28. Rxc2 Nf6 29. b6 Nxe4 30. Rc7 f6 31. Bf3 Rd8 32. Bf4 e5 33. h4 Bc6 34. Be3 f5
35. Bc1 Rd5 36. a4 Rd4 37. Bb2 Rxa4 38. Bxe5 g5 39. Rxc6 bxc6 40. b7 Rb4 41.
b8=Q+ Rxb8 42. Bxb8 Nf6 43. hxg5 hxg5 44. Bxc6 Kf7 45. Bc7 Ke6 46. Bb7 Kd7 47.
Be5 Ng4 48. Bc3 1-0

[Event "PRO League Group Stage"]
[Site "chess.com INT"]
[Date "2018.01.18"]
[Round "1"]
[White "Belous, Vladimir"]
[Black "Ke, Ivan"]
[Result "0-1"]
[WhiteTitle "GM"]
[WhiteElo "2567"]
[BlackElo "2207"]
[WhiteTeam "Rio Grande Ospreys"]
[BlackTeam "San Jose Hackers"]
[WhiteFideId "4174003"]
[BlackFideId "30914477"]
[EventDate "2018.01.18"]

1. c4 c5 2. Nf3 Nc6 3. Nc3 e6 4. g3 Nge7 5. Bg2 d6 6. O-O g6 7. d4 cxd4 8. Nxd4
Bg7 9. Ndb5 Nf5 10. Ne4 d5 11. cxd5 exd5 12. Qxd5 O-O 13. Qxd8 Rxd8 14. Bg5 Nfe7
15. Rad1 Bg4 16. Nf6+ Bxf6 17. Bxf6 Bxe2 18. Rxd8+ Rxd8 19. Nxa7 Bxf1 20. Nxc6
Nxc6 21. Kxf1 Rd2 22. Bc3 Rd6 23. Ke2 Kf8 24. Ke3 Ke7 25. b4 b5 26. Bf1 Rd5 27.
Bg2 Rd6 28. h4 h5 29. Bf1 Rd5 30. a3 Kd6 31. f4 Ke7 32. Bg2 Rd6 33. Be4 Ke6 34.
Bd3 Ne7 35. Be5 Ra6 36. Bb2 Rb6 37. Kd4 Kd6 38. Ke4 Nf5 39. Kf3 Kd5 40. Bc1 Nd4+
41. Ke3 Nf5+ 42. Kf2 Rb8 43. Bb2 Rb6 44. Bf1 Ke4 45. Be5 Ne3 0-1

[Event "PRO League Group Stage"]
[Site "chess.com INT"]
[Date "2018.01.18"]
[Round "1"]
[White "Kanep, Meelis"]
[Black "Reimanis, Ritvars"]
[Result "1/2-1/2"]
[WhiteTitle "GM"]
[BlackTitle "FM"]
[WhiteElo "2446"]
[BlackElo "2335"]
[WhiteTeam "Estonia Horses"]
[BlackTeam "Riga Magicians"]
[WhiteFideId "4501047"]
[BlackFideId "11602988"]
[EventDate "2018.01.18"]

1. d4 d5 2. g3 e6 3. Bg2 c6 4. c4 f5 5. Nh3 Nf6 6. O-O Bd6 7. Bf4 O-O 8. Nc3 Ne4
9. Qc2 Bxf4 10. Nxf4 Nd6 11. c5 Nf7 12. Rad1 Qe7 13. b4 a6 14. f3 e5 15. dxe5
Nxe5 16. e4 fxe4 17. fxe4 Bg4 18. Rd2 g5 19. h3 gxf4 20. hxg4 Nc4 21. gxf4 Ne3
22. Qd3 Nxf1 23. Qxf1 Qg7 24. Qf3 Nd7 25. exd5 Ne5 26. Qg3 Nxg4 27. dxc6 bxc6
28. Bxc6 Rad8 29. Bd5+ Kh8 30. Ne4 Rd7 31. Ng5 Qa1+ 32. Kg2 Rxd5 33. Rxd5 Qxa2+
34. Kf3 Qxd5+ 35. Kxg4 Qf5+ 36. Kf3 Rb8 37. Qe1 h6 38. Qc3+ Kg8 39. Qc4+ Kg7 40.
Ne6+ Kf6 41. Nc7 Qh3+ 42. Kf2 Qh2+ 43. Kf1 Qh3+ 44. Kf2 Qh2+ 45. Kf1 1/2-1/2

[Event "PRO League Group Stage"]
[Site "chess.com INT"]
[Date "2018.01.18"]
[Round "1"]
[White "Kanep, Meelis"]
[Black "Meskovs, Nikita"]
[Result "0-1"]
[WhiteTitle "GM"]
[BlackTitle "GM"]
[WhiteElo "2446"]
[BlackElo "2546"]
[WhiteTeam "Estonia Horses"]
[BlackTeam "Riga Magicians"]
[WhiteFideId "4501047"]
[BlackFideId "11602740"]
[EventDate "2018.01.18"]

1. Nf3 Nf6 2. c4 b6 3. g3 Bb7 4. Bg2 e6 5. d4 Bb4+ 6. Bd2 c5 7. Bxb4 cxb4 8. O-O
O-O 9. a3 bxa3 10. Rxa3 a5 11. Nc3 Na6 12. d5 Re8 13. Nd4 exd5 14. cxd5 Nb4 15.
d6 Bxg2 16. Kxg2 Rc8 17. Nf5 Rc5 18. Ne7+ Kf8 19. Kg1 Nc6 20. Ncd5 Nxd5 21. Nxd5
Re5 22. Nf4 Nb4 23. Rf3 Kg8 24. Qb3 Qe8 25. Rd1 g6 26. h4 Kg7 27. Rc3 f6 28.
Rxc5 Rxc5 29. Qf3 Rc6 30. h5 Qe5 31. hxg6 hxg6 32. Qg4 Qf5 33. Qxf5 gxf5 34. b3
Rc3 35. Rb1 Kf7 36. Kg2 Rc6 37. Rd1 Na6 38. Rd5 Nc5 39. Rxf5 Rxd6 40. Rh5 Nxb3
41. Rh7+ Ke8 42. Rh8+ Ke7 43. Rh7+ Kd8 44. e4 a4 45. Nd5 Kc8 46. Nc3 Nc5 47.
Rh8+ Kb7 48. Rh1 Rd3 49. Rc1 a3 50. f3 Nb3 51. Rc2 Rxc3 0-1

[Event "PRO League Group Stage"]
[Site "chess.com INT"]
[Date "2018.01.18"]
[Round "1"]
[White "Tang, Andrew"]
[Black "Fedoseev, Vladimir3"]
[Result "1/2-1/2"]
[WhiteTitle "IM"]
[BlackTitle "GM"]
[WhiteElo "2513"]
[BlackElo "2724"]
[WhiteTeam "Minnesota Blizzard"]
[BlackTeam "Saint Louis Arch Bishops"]
[WhiteFideId "2059630"]
[BlackFideId "24130737"]
[EventDate "2018.01.18"]

1. d4 Nf6 2. c4 e6 3. Nc3 Bb4 4. Qc2 O-O 5. Nf3 b6 6. e4 Bb7 7. Bd3 h6 8. e5 Ne8
9. Bh7+ Kh8 10. Be4 Nc6 11. O-O f5 12. exf6 Nxf6 13. Bxc6 Bxc6 14. Ne5 Bxc3 15.
Nxc6 dxc6 16. bxc3 Qd6 17. Qe2 c5 18. Be3 cxd4 19. Bxd4 Rae8 20. Be5 Qc6 21.
Rfe1 Nd7 22. Bg3 Rf5 23. Rad1 Rc5 24. Qd3 Nf6 25. Be5 Rf8 26. Bd4 Rg5 27. Qh3
Ng4 28. f3 e5 29. fxg4 exd4 30. Rxd4 Qf6 31. Qg3 Ra5 32. Rd2 Ra4 33. Qxc7 Qxc3
34. Qe7 Rg8 35. Red1 Qxc4 36. g5 hxg5 37. Rd5 Qg4 38. h3 Re4 39. Qxg5 Qxg5 40.
Rxg5 Rge8 41. Rd7 R8e7 42. Rxe7 Rxe7 43. a4 Re1+ 44. Kf2 Ra1 45. Rg4 Ra3 46. Rf4
Kh7 47. h4 Kg6 48. g4 Kh7 49. Re4 Kg6 50. Rf4 Rh3 51. h5+ Kh6 52. a5 bxa5 53.
Ra4 1/2-1/2

[Event "PRO League Group Stage"]
[Site "chess.com INT"]
[Date "2018.01.18"]
[Round "1"]
[White "Tang, Andrew"]
[Black "Zherebukh, Yaroslav"]
[Result "1-0"]
[WhiteTitle "IM"]
[BlackTitle "GM"]
[WhiteElo "2513"]
[BlackElo "2636"]
[WhiteTeam "Minnesota Blizzard"]
[BlackTeam "Saint Louis Arch Bishops"]
[WhiteFideId "2059630"]
[BlackFideId "14116804"]
[EventDate "2018.01.18"]

1. d4 Nf6 2. c4 c5 3. d5 e6 4. Nc3 exd5 5. cxd5 d6 6. e4 g6 7. Nge2 Bg7 8. Ng3
O-O 9. Be2 Na6 10. O-O Nc7 11. a4 b6 12. h3 a6 13. Bg5 h6 14. Be3 Rb8 15. Qd2 h5
16. Bg5 Qd7 17. f4 b5 18. axb5 axb5 19. e5 Nfe8 20. Nce4 dxe5 21. d6 Ne6 22. f5
Nxg5 23. Qxg5 Nxd6 24. Nxd6 Qxd6 25. f6 Bh8 26. Bxh5 Rb7 27. Bxg6 Qd4+ 28. Kh2
fxg6 29. Qxg6+ Bg7 30. fxg7 Rxf1 31. Rxf1 Rxg7 32. Qe8+ Kh7 33. Rf8 1-0

[Event "PRO League Group Stage"]
[Site "chess.com INT"]
[Date "2018.01.18"]
[Round "1"]
[White "Pichot, Alan"]
[Black "Liang, Awonder"]
[Result "1/2-1/2"]
[WhiteTitle "GM"]
[BlackTitle "GM"]
[WhiteElo "2552"]
[BlackElo "2572"]
[WhiteTeam "Buenos Aires Krakens"]
[BlackTeam "Pittsburgh Pawngrabbers"]
[WhiteFideId "110973"]
[BlackFideId "2056437"]
[EventDate "2018.01.18"]

1. e4 e5 2. Nf3 Nc6 3. Bb5 a6 4. Ba4 Nf6 5. O-O Be7 6. d3 b5 7. Bb3 d6 8. a3 O-O
9. Nc3 Bg4 10. Be3 Nd4 11. Bxd4 exd4 12. Nd5 Nxd5 13. Bxd5 Rc8 14. h3 Bd7 15.
Qd2 c6 16. Bb3 Bf6 17. a4 Qb6 18. Qf4 c5 19. axb5 axb5 20. Bd5 Bc6 21. Qf5 Ra8
22. g4 Qb7 23. g5 Be7 24. h4 g6 25. Bxc6 Qxc6 26. Qd5 Qxd5 27. exd5 f6 28. Rxa8
Rxa8 29. Re1 Kf7 30. Re2 fxg5 31. hxg5 Rf8 32. Kg2 Ke8 33. c4 dxc3 34. bxc3 Kf7
35. Rb2 Rb8 36. Kg3 b4 37. c4 Bf8 38. Nd2 Bg7 39. Rb1 Ra8 40. Ne4 Ke7 41. Rh1 b3
42. Rxh7 Kf8 43. Nd2 b2 44. Nb1 Re8 45. Rh1 Re2 46. f4 Bd4 47. Rd1 Kf7 48. Kf3
Rf2+ 49. Kg3 Rc2 50. Kf3 Kg7 51. Na3 Rf2+ 52. Kg3 Re2 53. Kf3 Re3+ 54. Kg4 Kf7
55. Nb1 Ke7 56. f5 gxf5+ 57. Kxf5 Kf7 58. Rh1 Kg7 59. Rd1 Re5+ 60. Kg4 Kg6 61.
Nd2 Rxg5+ 62. Kf3 Rf5+ 63. Kg4 Rf2 64. Nb1 Rc2 65. Kf3 Kf5 66. Na3 Rc1 67. Ke2
Kf4 68. Kd2 Ra1 69. Nb1 Ra8 70. Rf1+ Ke5 71. Re1+ Kf6 72. Re6+ Kf5 73. Rxd6 Rg8
74. Re6 Rg2+ 75. Re2 Rg1 76. Re1 Rg2+ 77. Kd1 Be5 78. Rf1+ Kg6 79. Nd2 Bc3 80.
Nb1 Be5 81. Nd2 Bc3 82. Nb1 Be5 1/2-1/2

[Event "PRO League Group Stage"]
[Site "chess.com INT"]
[Date "2018.01.18"]
[Round "1"]
[White "Pichot, Alan"]
[Black "Song, Edward"]
[Result "1-0"]
[WhiteTitle "GM"]
[BlackTitle "FM"]
[WhiteElo "2552"]
[BlackElo "2319"]
[WhiteTeam "Buenos Aires Krakens"]
[BlackTeam "Pittsburgh Pawngrabbers"]
[WhiteFideId "110973"]
[BlackFideId "2051192"]
[EventDate "2018.01.18"]

1. e4 e5 2. Nf3 Nc6 3. Bb5 Nf6 4. d3 Bc5 5. c3 O-O 6. O-O d6 7. h3 Ne7 8. d4 Bb6
9. Re1 Ng6 10. Nbd2 c6 11. Bd3 Re8 12. Nf1 d5 13. Bg5 dxe4 14. Bxe4 exd4 15.
cxd4 Be6 16. Ng3 h6 17. Bxg6 fxg6 18. Be3 Bc7 19. Ne5 Nd5 20. Bd2 g5 21. a4 a5
22. Ne4 Bd6 23. Nxd6 Qxd6 24. Ra3 Bf5 25. Rf3 Rf8 26. Qb3 Qc7 27. Nc4 Kh8 28.
Re5 Bg6 29. Rg3 Bh7 30. Re1 Qf7 31. Rf3 Qc7 32. Rxf8+ Rxf8 33. Nxa5 b6 34. Nc4
Bf5 35. Ne5 Bc8 36. Ng6+ 1-0

[Event "PRO League Group Stage"]
[Site "chess.com INT"]
[Date "2018.01.18"]
[Round "1"]
[White "Ducarmon, Quinten"]
[Black "Cornette, Deimante"]
[Result "1-0"]
[WhiteTitle "IM"]
[BlackTitle "IM"]
[WhiteElo "2472"]
[BlackElo "2439"]
[WhiteTeam "Amsterdam Mosquitoes"]
[BlackTeam "Cannes Blockbusters"]
[WhiteFideId "1025007"]
[BlackFideId "12802859"]
[EventDate "2018.01.18"]

1. e4 Nf6 2. e5 Nd5 3. c4 Nb6 4. c5 Nd5 5. d4 d6 6. cxd6 exd6 7. Bc4 dxe5 8.
dxe5 Be6 9. Nf3 Nc6 10. O-O Be7 11. Qe2 O-O 12. Rd1 Nf4 13. Bxf4 Bxc4 14. Qc2
Nb4 15. Qc1 Bd5 16. Nc3 c6 17. a3 Na6 18. Nxd5 cxd5 19. Qd2 Nc7 20. Be3 Qd7 21.
Nd4 Rfd8 22. Rac1 Rac8 23. h3 a6 24. f4 Ne6 25. Qf2 Bc5 26. Kh2 Bxd4 27. Bxd4
Nxd4 28. Qxd4 Rc6 29. Rxc6 Qxc6 30. f5 Qc2 31. f6 Qf5 32. Rd3 g6 33. Rd2 h5 34.
Re2 Qe6 35. Qf4 Kh7 36. g4 hxg4 37. hxg4 Rh8 38. Kg1 Kg8 39. Kg2 Rh4 40. Kg3 Rh1
41. Rh2 Rxh2 42. Kxh2 Kf8 43. Kg3 Ke8 44. Qd4 Kd7 45. Kh4 Qc6 46. Kg5 Ke6 47.
Kh6 Qc4 48. Qb6+ Kxe5 49. Kg7 Qc6 50. Qe3+ Kd6 51. Qe7# 1-0

[Event "PRO League Group Stage"]
[Site "chess.com INT"]
[Date "2018.01.18"]
[Round "1"]
[White "Ducarmon, Quinten"]
[Black "Lagarde, Maxime"]
[Result "0-1"]
[WhiteTitle "IM"]
[BlackTitle "GM"]
[WhiteElo "2472"]
[BlackElo "2586"]
[WhiteTeam "Amsterdam Mosquitoes"]
[BlackTeam "Cannes Blockbusters"]
[WhiteFideId "1025007"]
[BlackFideId "662399"]
[EventDate "2018.01.18"]

1. e4 g6 2. d4 Bg7 3. Nc3 d6 4. Be3 a6 5. Nf3 Nd7 6. Qd2 b5 7. Bd3 Bb7 8. a4 b4
9. Ne2 Ngf6 10. e5 Ng4 11. e6 fxe6 12. Ng5 Nf8 13. Nf4 Qd7 14. Qxb4 c5 15. dxc5
e5 16. Nfe6 Nxe6 17. Nxe6 Qxe6 18. Qxb7 O-O 19. Be4 Nf6 20. O-O-O Kh8 21. Bd5
Qg4 22. Bb3 d5 23. h3 Qe4 24. Rhe1 e6 25. f3 Qh4 26. Kb1 Qg3 27. Re2 e4 28. c6
exf3 29. gxf3 Qxf3 30. Rde1 Ne4 31. c7 d4 32. Qb4 dxe3 33. Rxe3 Qf6 34. Bxe6 a5
35. Qb6 Nd2+ 36. Kc1 Nc4 37. Qb7 Nxe3 38. Rxe3 Bh6 39. c8=Q Qf1+ 40. Kd2 Qf2+ 0-1

[Event "PRO League Group Stage"]
[Site "chess.com INT"]
[Date "2018.01.18"]
[Round "1"]
[White "Raja, Harshit"]
[Black "Gupta, Abhijeet"]
[Result "0-1"]
[WhiteTitle "IM"]
[BlackTitle "GM"]
[WhiteElo "2427"]
[BlackElo "2610"]
[WhiteTeam "Mumbai Movers"]
[BlackTeam "Delhi Dynamite"]
[WhiteFideId "5089000"]
[BlackFideId "5010608"]
[EventDate "2018.01.18"]

1. e4 c5 2. Nf3 d6 3. d4 cxd4 4. Nxd4 Nf6 5. Nc3 Nc6 6. Bg5 e6 7. Qd2 a6 8.
O-O-O Bd7 9. f4 b5 10. Bxf6 gxf6 11. Kb1 Qb6 12. Nxc6 Bxc6 13. f5 Qc5 14. Bd3 b4
15. Ne2 e5 16. c3 b3 17. axb3 h5 18. Qc2 a5 19. Bc4 Rb8 20. Bd5 Bb5 21. Nc1 Bh6
22. Nd3 Qc7 23. c4 Ba6 24. c5 Rc8 25. Bc4 Bxc4 26. bxc4 dxc5 27. Qa4+ Ke7 28.
Rhe1 Rhd8 29. Qa3 Rd4 30. Qc3 Rcd8 31. Qa3 R8d6 32. Qb3 Qd7 33. Kc2 a4 34. Qc3
Qc6 35. Qa5 Rxc4+ 36. Kb1 Rcd4 37. Kc2 Kf8 38. Qc3 Qb5 39. Nxc5 Rc4 0-1

[Event "PRO League Group Stage"]
[Site "chess.com INT"]
[Date "2018.01.18"]
[Round "1"]
[White "Raja, Harshit"]
[Black "Aradhya, Garg"]
[Result "1/2-1/2"]
[WhiteTitle "IM"]
[WhiteElo "2427"]
[BlackElo "2289"]
[WhiteTeam "Mumbai Movers"]
[BlackTeam "Delhi Dynamite"]
[WhiteFideId "5089000"]
[BlackFideId "25006746"]
[EventDate "2018.01.18"]

1. e4 e5 2. Nf3 Nc6 3. Bb5 Nf6 4. d3 d6 5. h3 g6 6. Be3 Bg7 7. Nbd2 O-O 8. Nf1
d5 9. Ng3 Qe7 10. Bxc6 bxc6 11. Qd2 Rd8 12. Qa5 d4 13. Bd2 Ne8 14. O-O Nd6 15.
Qc5 Bd7 16. c3 dxc3 17. Bxc3 f6 18. d4 exd4 19. Nxd4 Nc8 20. Nb3 Qf7 21. Rfd1
Nb6 22. Na5 Na4 23. Qe3 Nxc3 24. Qxc3 f5 25. e5 f4 26. Ne4 Qf5 27. Nc5 Bxe5 28.
Qc4+ Kg7 29. Nxc6 Bxc6 30. Ne6+ Kh6 31. Qxc6 Re8 32. Nd4 Qf6 33. Qxf6 Bxf6 34.
Nb5 Bxb2 35. Nxc7 Bxa1 36. Rxa1 Rac8 37. Nxe8 Rxe8 38. Kf1 Rc8 39. Ke2 Rc2+ 40.
Kf3 g5 41. h4 gxh4 42. a4 Kg5 43. Ra3 Rc4 44. a5 a6 45. Rd3 Rc5 46. Ra3 h5 47.
Ke2 Kg4 48. Ra2 Rc3 49. Rb2 Ra3 50. Rb8 Rxa5 51. Rg8+ Rg5 52. Ra8 Rg6 53. Ra7
Re6+ 54. Kf1 Kf5 55. Rf7+ Rf6 56. Rh7 Kg6 57. Ra7 Kg5 58. Rg7+ Kf5 59. Rh7 Kg6
60. Ra7 Rb6 61. Ke2 Rb2+ 62. Kf3 Ra2 63. Rb7 a5 64. Rb6+ Kg5 65. Rb5+ Kg6 66.
Rb6+ Kf7 67. Rh6 a4 68. Rxh5 Kg6 69. Rxh4 Kg5 70. Rg4+ Kh5 71. Rxf4 a3 72. Ra4
Ra1 73. Kg3 a2 74. f3 Kg5 75. Ra5+ Kf6 76. f4 Ke6 77. Ra3 Kd5 78. Ra8 Ke4 79.
Ra3 Kd5 80. Kf2 Kc4 81. Ra8 Kb3 82. Rb8+ Kc4 83. Rc8+ Kb3 84. Rb8+ Kc4 85. Ra8
Kb3 86. Rb8+ Kc4 1/2-1/2

[Event "PRO League Group Stage"]
[Site "chess.com INT"]
[Date "2018.01.18"]
[Round "1"]
[White "Liang, Awonder"]
[Black "Sanhueza, Cristian"]
[Result "1-0"]
[WhiteTitle "GM"]
[WhiteElo "2572"]
[BlackElo "2298"]
[WhiteTeam "Pittsburgh Pawngrabbers"]
[BlackTeam "Buenos Aires Krakens"]
[WhiteFideId "2056437"]
[BlackFideId "116815"]
[EventDate "2018.01.18"]

1. e4 e5 2. Nf3 Nc6 3. Bb5 a6 4. Ba4 Nf6 5. O-O Nxe4 6. d4 b5 7. Bb3 d5 8. dxe5
Be6 9. Qe2 Be7 10. Rd1 O-O 11. c4 bxc4 12. Bxc4 Bc5 13. Be3 Bxe3 14. Qxe3 Qb8
15. Bb3 Na5 16. Nd4 Nxb3 17. Nxb3 a5 18. Nc3 a4 19. Nd4 c5 20. Nxe6 fxe6 21.
Nxe4 dxe4 22. Qc3 Qb4 23. Rac1 a3 24. b3 Rfd8 25. Rd6 Qxc3 26. Rxc3 Rxd6 27.
exd6 Rd8 28. Kf1 Rxd6 29. Ke2 Rd5 30. Rc4 Kf7 31. Rxe4 Rh5 32. h3 Rg5 33. g3 Kf6
34. Ra4 Re5+ 35. Kf3 Rf5+ 36. Kg2 Rd5 37. Rxa3 Rd2 38. Kf3 Rc2 39. Ra7 h5 40. h4
g6 41. Ke3 Kf5 42. Rc7 Rxa2 43. Rxc5+ Kf6 44. Rc3 Rb2 45. Ke4 Ke7 46. Rf3 Kd6
47. Kf4 Ke7 48. Kg5 e5 49. Kxg6 e4 50. Re3 Rxf2 51. Rxe4+ Kd6 52. Kxh5 1-0

[Event "PRO League Group Stage"]
[Site "chess.com INT"]
[Date "2018.01.18"]
[Round "1"]
[White "Liang, Awonder"]
[Black "Perez Ponsa, Federico"]
[Result "1/2-1/2"]
[WhiteTitle "GM"]
[BlackTitle "GM"]
[WhiteElo "2572"]
[BlackElo "2553"]
[WhiteTeam "Pittsburgh Pawngrabbers"]
[BlackTeam "Buenos Aires Krakens"]
[WhiteFideId "2056437"]
[BlackFideId "117927"]
[EventDate "2018.01.18"]

1. e4 c6 2. Nc3 d5 3. Nf3 dxe4 4. Nxe4 Nf6 5. Qe2 Bg4 6. Nxf6+ gxf6 7. h3 Bh5 8.
d3 e6 9. g4 Bg6 10. Bg2 Na6 11. Bd2 Nb4 12. Be3 Nd5 13. Nh4 Nxe3 14. Qxe3 Qa5+
15. c3 O-O-O 16. Nxg6 hxg6 17. b4 Qe5 18. Qxe5 fxe5 19. Ke2 f5 20. Rab1 Kc7 21.
h4 fxg4 22. Be4 Be7 23. Rbg1 Rxh4 24. Rxh4 Bxh4 25. Rxg4 g5 26. f3 a5 27. bxa5
Ra8 28. Kd1 Rxa5 29. Rg2 Ra3 30. c4 Kd6 31. Kc1 Kc5 32. Kb2 Ra6 33. Kb3 Kd4 34.
Rb2 Be1 35. Kc2 Ra7 36. Kb1 Bg3 37. Rg2 Bf4 38. Rb2 Be3 39. Rh2 Bf4 40. Rh7 Kc3
41. Bxc6 Ra6 42. Be4 Rb6+ 43. Ka1 Be3 44. Rxb7 Bd4 45. a4 Ra6 46. Kb1 Rxa4 47.
Rb2 Ra7 48. c5 Bxc5 49. Rc2+ Kb4 50. Rb2+ Kc3 51. Rc2+ Kb4 52. Rb2+ Kc3 53. Rc2+
Kb4 54. Rb2+ Kc3 55. Rc2+ Kb4 56. Rb2+ Kc3 1/2-1/2

[Event "PRO League Group Stage"]
[Site "chess.com INT"]
[Date "2018.01.18"]
[Round "1"]
[White "Lagarde, Maxime"]
[Black "Bitalzadeh, Ali"]
[Result "1-0"]
[WhiteTitle "GM"]
[BlackTitle "IM"]
[WhiteElo "2586"]
[BlackElo "2390"]
[WhiteTeam "Cannes Blockbusters"]
[BlackTeam "Amsterdam Mosquitoes"]
[WhiteFideId "662399"]
[BlackFideId "1010972"]
[EventDate "2018.01.18"]

1. e4 g6 2. d4 Bg7 3. Nc3 d6 4. Be3 c6 5. Nf3 Nf6 6. Qd2 d5 7. e5 Ne4 8. Nxe4
dxe4 9. Ng5 c5 10. Bb5+ Bd7 11. Bc4 e6 12. Nxe4 cxd4 13. Nd6+ Kf8 14. Bh6 Nc6
15. Qf4 Be8 16. O-O-O g5 17. Bxg7+ Kxg7 18. Qg3 h6 19. h4 Qa5 20. f4 b5 21. Bb3
Bd7 22. hxg5 h5 23. g6 fxg6 24. f5 exf5 25. e6 Be8 26. Nxf5+ Kf6 27. Rhf1 gxf5
28. Rxf5+ Ke7 29. Qg7+ Kd6 30. Rd5+ 1-0